00462nam a2200181 a 4500001001300000003000900013005001700022008004100039020001000080082002100090100002000111245002400131260005100155300000900206500003500215505001000250700002000260nice12345678IN_TiNIC20260116012946.0050524s1969 dela grp 000 0 eng  ac10000a305.6945097bAHM aAhmad, S Maqbul aIndo-Arab Relations aDelhibIndian Council for Cult.Relationsc1969 a187p aincludes index and biblioraphy2 aIndex1 aAhmad, S Maqbul